Sindicatos y política: Estados Unidos

Na minha lista:
Detalhes bibliográficos
Formato: Texto
Tags: Adicionar Tag
Sem tags, seja o primeiro a adicionar uma tag!

MARC

LEADER 00000 a a2200000 04500
001 17548
003
040
245 |a Sindicatos y política:   |b Estados Unidos  
773 |g número 54; páginas 855-856  
999 |c 25368  |d 25368 
773 0 |0 42391  |9 4215  |a Agencia Latinoamericana de Información, ALAI  |d Quito, Ecuador: ALAI  |o 04328  |t ALAI:  |x 08275564 (Servicio mensual de información y documentación)